States that Border the Ocean - Statistics

General Stats
  • This quiz has been taken 37 times
    35 since last reset
  • The average score is 22 of 23
Answer Stats
State % Correct
California
100%
Florida
100%
Maine
100%
New Jersey
100%
New York
100%
Texas
100%
Washington
100%
Alaska
96%
Hawaii
96%
New Hampshire
96%
Oregon
96%
Connecticut
93%
Georgia
93%
Louisiana
93%
North Carolina
93%
Rhode Island
93%
Virginia
93%
Alabama
89%
Maryland
89%
South Carolina
89%
Delaware
85%
Massachusetts
85%
Mississippi
81%
No matching quizzes found
Score Distribution
Percent of People with Each Score
Percentile by Number Answered
Your Score History
You have not taken this quiz since the last reset